Pays d'Amérique du Nord - Statistiques

Statistiques générales
  • Ce quiz a été pris 90 973 fois
  • Le résultat moyen est 12 sur 23
Statistiques - réponses
Pays % Correct
Canada
98%
Etats-Unis
94%
Mexique
89%
Cuba
74%
Panama
64%
Costa Rica
62%
Haïti
61%
Jamaïque
61%
Honduras
57%
Guatemala
54%
Nicaragua
54%
République dominicaine
53%
Bahamas
50%
Salvador
50%
Belize
48%
Barbade
43%
Dominique
42%
Sainte-Lucie
37%
Grenade
35%
Antigua-et-Barbuda
23%
Trinité-et-Tobago
22%
Saint-Christophe-et-Niévès
17%
Saint-Vincent-et-les-Grenadines
17%
Aucun quiz correspondant
Distribution des résultats
% des personnes avec chaque résultat
Percentile par nombre de réponses
Votre historique - résultats
Vous n’avez pas pris ce quiz